| 000 | 00869 a2200229 4500 | ||
|---|---|---|---|
| 999 |
_c11087 _d11087 |
||
| 020 | _a0975898701 | ||
| 050 | 0 | 0 |
_aRC776 _bHAY2011 |
| 100 | 1 |
_aHayes, Gail Boyer. _eauthor |
|
| 245 | 1 | 0 |
_aPulmonary hypertension : _ba patient's survival guide / _cGail Boyer Hayes ; medical editor, Ronald J. Oudiz. |
| 250 | _afourth edition | ||
| 264 |
_a Silver Spring : _b Pulmonary Hypertension Association, _cc.2011 |
||
| 300 |
_a329 pages _billustrations |
||
| 336 |
_2rdacontent _atext _btxt |
||
| 337 |
_2rdamedia _aunmediated _bn |
||
| 338 |
_2rdacarrier _avolume _bnc |
||
| 504 | _aIncludes bibliographical references (p. 237-250) and index. | ||
| 650 | 0 | _aPulmonary hypertension. | |
| 650 | 0 | _aHypertension. | |
| 700 | 1 | _aOudiz, Ronald J. | |
| 942 |
_2lcc _cBK _h776 _iHAY _kRC |
||